Iparjogi Szemle. - 23.évf. (1929) 1.sz.
Elmentve itt :
| Dokumentumtípus: | Folyóirat |
|---|---|
| Megjelent: |
1929
|
| Sorozat: | Iparjogi Szemle : az Iparjogvédelmi Egyesület közlönye
23 No. 1 |
| Online Access: | http://misc.bibl.u-szeged.hu/48869 |
| LEADER | 00496nas a2200133 i 4500 | ||
|---|---|---|---|
| 001 | misc48869 | ||
| 005 | 20200414115557.0 | ||
| 008 | 200414s1929 hu o 0|| zxx d | ||
| 040 | |a SZTE Miscellanea Repozitórium |b hun | ||
| 041 | |a zxx | ||
| 245 | 0 | 0 | |a Iparjogi Szemle. - 23.évf. (1929) 1.sz. |h [elektronikus dokumentum] |
| 260 | |c 1929 | ||
| 490 | 0 | |a Iparjogi Szemle : az Iparjogvédelmi Egyesület közlönye |v 23 No. 1 | |
| 856 | 4 | 0 | |u http://misc.bibl.u-szeged.hu/48869/1/iparjogi_szemle_1929_001.pdf |z Dokumentum-elérés |